<?xml version="1.0" encoding="UTF-8"?>
<collection xmlns="http://www.loc.gov/MARC21/slim">
 <record>
  <leader>00603nam a2200193   4500</leader>
  <controlfield tag="001">000013495</controlfield>
  <controlfield tag="003">9837</controlfield>
  <controlfield tag="005">20150812150823.0</controlfield>
  <controlfield tag="008">120316s                               sd</controlfield>
  <datafield tag="245" ind1="0" ind2="0">
   <subfield code="a">Những chất kỳ lạ trong cơ thể sinh vật</subfield>
   <subfield code="c">Bùi Xuân Đồng</subfield>
  </datafield>
  <datafield tag="774" ind1=" " ind2=" ">
   <subfield code="a">Bùi Xuân Đồng</subfield>
   <subfield code="d">Khoa học và kỹ thuật</subfield>
   <subfield code="d">H.</subfield>
   <subfield code="d">1979</subfield>
   <subfield code="g">Tập 1</subfield>
   <subfield code="h">145 tr.</subfield>
   <subfield code="t">Sinh học các Hocmôn</subfield>
   <subfield code="w">9840</subfield>
  </datafield>
  <datafield tag="OWN" ind1=" " ind2=" ">
   <subfield code="a">LSP</subfield>
  </datafield>
  <datafield tag="999" ind1=" " ind2=" ">
   <subfield code="a">From the UDN01</subfield>
  </datafield>
  <datafield tag="TYP" ind1=" " ind2=" ">
   <subfield code="a">Monograph</subfield>
  </datafield>
  <datafield tag="TYP" ind1=" " ind2=" ">
   <subfield code="a">Printed language</subfield>
  </datafield>
  <datafield tag="980" ind1=" " ind2=" ">
   <subfield code="a">Mạng thư viện Đại học Đà Nẵng</subfield>
  </datafield>
 </record>
</collection>
